Atlas de historia del mundo / (Record no. 49739)

MARC details
000 -CABECERA
campo de control de longitud fija 00592nam a2200205 a 4500
005 - FECHA Y HORA DE LA ÚLTIMA TRANSACCIÓN
campo de control 20240924070659.0
008 - ELEMENTOS DE LONGITUD FIJA--INFORMACIÓN GENERAL
campo de control de longitud fija 991125s2006 mx 000 0 spa u
020 ## - NÚMERO INTERNACIONAL NORMALIZADO PARA LIBROS
Número Internacional Estándar del Libro 9781405478595
035 ## - NÚMERO DE CONTROL DEL SISTEMA
Número de control de sistema UPN01000049739
049 ## - COLECCIÓN
Colección C
050 #4 - SIGNATURA TOPOGRÁFICA DE LA BIBLIOTECA DEL CONGRESO
Número de clasificación D21.5
Número de documento/Ítem A8.4
245 00 - MENCIÓN DE TÍTULO
Título Atlas de historia del mundo /
Mención de responsabilidad, etc. ed. de Kate Santon ; tr. Gemma Deza.
260 ## - PUBLICACIÓN, DISTRIBUCIÓN, ETC.
Lugar de publicación, distribución, etc. Malasia :
Nombre del editor, distribuidor, etc. Parragon
Fecha de publicación, distribución, etc. c2006.
300 ## - DESCRIPCIÓN FÍSICA
Extensión 320 p. :
Otras características físicas il. col., mapas
650 #4 - ASIENTO SECUNDARIO DE MATERIA - TERMINO TEMATICO
Término de materia o nombre geográfico como elemento de entrada GEOGRAFIA HISTORICA -
Subdivisión de forma MAPAS
9 (RLIN) 11550
650 #4 - ASIENTO SECUNDARIO DE MATERIA - TERMINO TEMATICO
Término de materia o nombre geográfico como elemento de entrada Historia universal
9 (RLIN) 5508
650 #4 - ASIENTO SECUNDARIO DE MATERIA - TERMINO TEMATICO
Término de materia o nombre geográfico como elemento de entrada Atlas
9 (RLIN) 8563
700 1# - ASIENTO SECUNDARIO--NOMBRE DE PERSONAL
Nombre de persona Santon, Kate,
Término indicativo de función/relación ed.
905 ## - TIPO DE MATERIAL
Tipo de material Libro
Holdings
Estado de retiro Estado de pérdida Fuente del sistema de clasificación o colocación Estado dañado No para préstamo Código de colección Localización permanente Ubicación/localización actual Ubicación en estantería Total de préstamos Clasificación Código de barras Fecha visto por última vez Número de copia Tipo de ítem Koha
    Library of Congress Classification   Consulta Consulta Bib. Gregorio Torres Quintero Bib. Gregorio Torres Quintero Sala de lectura Sótano   D21.5 A8.4 323900 31/12/2020 1 Libro